000 00440nam a2200181Ia 4500
001 18044
005 20260306171601.0
008 260306s9999||||xx |||||||||||||| ||und||
041 _aESP
082 _a658.4
_bC28
100 _aCardona, Pablo
_eAUT
245 0 _aDirección por misiones:
_bcómo general empresas de alto rendimiento
260 _c2008
300 _a
_c
650 _aGEN
654 _aCAN
942 _cLIB
_dJUS
_fJUS
_2ddc
_n
999 _c18044
_d18044